000 00767nam a22001937a 4500
008 241213b ||||| |||| 00| 0 spa d
040 _aAR-FvUNAJ
_dAR-FvUNAJ
_eaacr2
082 1 4 _214
_a616.99
100 1 _921012
_aSchlaen, Isaac
245 1 0 _aCarcinoma de endometrio :
_bprecursores, detección, diagnóstico precoz. /
_cIsaac Schlaen, con la colaboración de R. Armando Bocanera, Enrique Roncoroni, Alex Ferenczy.
260 _aBuenos Aires :
_bLibreria Akadia,
_c1981.
300 _ax, 194 p.
650 0 _2dcs
_921013
_aNEOPLASIAS ENDOMETRIALES
700 1 _921014
_aBocanera, R. Armando
_ecol.
700 1 _921015
_aRoncoroni, Enrique
_ecol.
700 1 _921016
_aFerenczy, Alex
_ecol.
942 _2ddc
_cLIBRO
980 _62
_aVirginia Figueroa
_82
_gVirginia Figueroa
999 _c10607
_d10607